000 00557nam a2200169Ia 4500
008 090711s9999 xx 000 0 und d
082 _b53599
100 _aिSारमुले शरSSांद्र वा.
245 _aवास्तुपुरुष
260 _c1986
300 _a176
600 _aिSारमुले शरSSांद्र वा.
630 _aवास्तुपुरुष
700 _aिSारमुले शरSSांद्र वा.
730 _aवास्तुपुरुष
942 _cBOOK
999 _c331967
_d331967